| 000 | 02441cam a2200361Ii 4500 | ||
|---|---|---|---|
| 999 |
_c10524 _d10524 |
||
| 001 | 959036289 | ||
| 003 | OCoLC | ||
| 005 | 20241128103500.0 | ||
| 007 | ta | ||
| 008 | 160922t20172017miu b 001 0 eng d | ||
| 010 | _a2017289168 | ||
| 020 |
_a0802875114 _q(pbk.) |
||
| 020 |
_a9780802875112 _q(pbk.) |
||
| 035 | _a(OCoLC)959036289 | ||
| 040 |
_aYDX _beng _cYDX _dBDX _dOCLCQ _dKPS _dWIO _dISS _dOCLCF _dCNNTC _dICW _dSTF _dZWZ _dW2U _dOCLCA _dDLC _dKTS _dJ9U |
||
| 050 | 4 |
_aBS2615.52 _b.L63 2017 |
|
| 082 | 0 | 4 |
_a226.506 _223 _bLOA |
| 100 | 1 |
_aLoader, William R. G., _d1944- _918322 |
|
| 245 | 1 | 0 |
_aJesus in John's gospel : _bstructure and issues in Johannine Christology / _cWilliam Loader ; [foreword by Harold W. Attridge] |
| 264 | 1 |
_aGrand Rapids, Michigan : _bWilliam B. Eerdmans Publishing Company, _c2017 |
|
| 264 | 4 | _c℗♭2017 | |
| 300 |
_ax, 532 pages ; _c23 cm |
||
| 336 |
_atext _btxt _2rdacontent |
||
| 337 |
_aunmediated _bn _2rdamedia |
||
| 338 |
_avolume _bnc _2rdacarrier |
||
| 504 | _aIncludes bibliographical references (pages 485-513) and indexes | ||
| 505 | 0 | _aPart one : The structure of Johannine Christology -- Identifying the central structure -- A survey of the gospel -- The structure : an outline -- Part two : Issues of Johannine Christology -- The death of Jesus in John -- The salvation event in John -- The fourth gospel in the light of its Christology | |
| 520 | _aThe culmination of a lifetime of work on the Gospel of John, William Loader's Jesus in John's Gospel explores the Fourth Gospel with a focus on ways in which attention to the structure of Christology in John allows for greater understanding of Johannine themes and helps resolve long-standing interpretive impasses. Following an introductory examination of Rudolf Bultmann's profound influence on Johannine studies, Loader turns to the central interpretive issues and debates surrounding Johannine Christology, probing particularly the death of Jesus in John, the salvation event in John, and the Fourth Gospel in light of its Christology. The exhaustive bibliography and careful, well-articulated conclusions take into account the latest research on John, ensuring that this volume will be useful to scholars and students alike | ||
| 600 | 0 | 0 |
_aJesus Christ _xPerson and offices _9268 |
| 630 | 0 | 0 |
_aBible. _pJohn _xCriticism, interpretation, etc _91842 |
| 655 | 7 |
_aCriticism, interpretation, etc. _2fast _0(OCoLC)fst01411635 _91372 |
|
| 942 |
_2ddc _cBK |
||